000 00984nam a2200205 i 4500
003 IT-RoINE
005 20220325062542.0
008 031003s1965 it r 000 | ita d
040 _aPUG
_dIT-RoINE
245 0 3 _aIl Concilio Vaticano II :
_bcronache del Concilio Vaticano II, edite da la Civiltà Cattolica /
_ca cura di Giovanni Caprile, S.I.
260 _aRoma :
_bLa Civiltà Cattolica,
_c1965-1969.
300 _a5 v. en 6 ;
_c24 cm.
336 _2rdacontent
_atext
337 _2rdamedia
_aunmediated
338 _2rdacarrier
_avolume
505 0 _av. 1,1: L'annunzio e la preparazione, 1959- 1962: pt. prima, 1959-1960 -- v. 1,2: L'annunzio e la preparazione, 1959- 1962: pt. seconda, 1961-1962-- v. 2: ll primo periodo, 1962-1963 -- v. 3: Il secondo periodo, 1963-1964 -- v. 4: Il terzo periodo, 1964-1965 -- v. 5: Il quarto periodo, 1965.
611 2 0 _aConcilio Vaticano
_n(2º.
_d1962-1965)
_93670
700 1 _aCaprile, Giovanni,
_cS.I.,
_d1917-1993
_934160
942 _cMTS
999 _c17106
_d17106